01164nam a2200193Ia 4500001001000000003001000010008004100020040002500061041001300086100002800099245007700127250001100204260008200215300001200297500026200309501011400571520026200685650002300947L140-991BIT-CnALBA170116s9999||||xx |||||||||||||| ||und|| aIT-CnALBAcIT-CnALBA aITALIANO aFABRO P. CORNELIO, CSS. 0aINTRODUZIONE A S. TOMMASO. LA METAFISICA TOMISTA E IL PENSIERO MODERNO.  a1a ed. a ROMA, MILANO.bARES EDIZIONI c1997 [1° Ed.:1997 - Ed.Ling.Originale: 1997] a336 p.  aRAGIONE E FEDE. PREFAZIONE DI COTTIER G. BIOGRAFIA ESSENZIALE. OPERA DI S. TOMMASO. TOMISMO, FORMAZIONE. PRINCIPI. SVILUPPO STORICO. TOMISMO E MAGISTERO DELLA CHIESA. AUTORITÀ DI S. TOMMASO. SCOLASTICA E TOMISMO. NUCLEO. E PENSIERO MODERNO. IL FUTURO DEL  aSocietà San Paolo EM - Piazza San Paolo, 14 - 12051 ALBA (CN) (non commercial uses only) ® Copyright 2017 aRAGIONE E FEDE. PREFAZIONE DI COTTIER G. BIOGRAFIA ESSENZIALE. OPERA DI S. TOMMASO. TOMISMO, FORMAZIONE. PRINCIPI. SVILUPPO STORICO. TOMISMO E MAGISTERO DELLA CHIESA. AUTORITÀ DI S. TOMMASO. SCOLASTICA E TOMISMO. NUCLEO. E PENSIERO MODERNO. IL FUTURO DEL  aSISTEMI FILOSOFICI